000 00600nam a2200205Ia 4500
005 20230109151748.0
008 131103s9999 xx 000 0 und d
040 _aLoreto College
041 _aEnglish
082 _a821.3
_bTOT-ROL
245 _aTottel's miscellany (1557 - 1587) Vol II
_cedited by Hyder Edward Rollins
250 _arev.ed.
260 _aCambridge
_bHarvard University Press
_c1965
300 _a2 V. (ix,395 p.)
504 _aIncludes notes and glossarial index
650 _aEnglish Literature
700 _aRollins, Hyder Edward; ed.
850 _aLCLIB
942 _cBK
999 _c13305
_d63784